[Event "Druga liga CS - istok"]
[Site "Donja Studena"]
[Date "2006.09.23"]
[Round "3.1"]
[White "Kajganovic, Miodrag"]
[Black "Dimitrijevic, Srdjan"]
[Result "1-0"]
[WhiteElo "2250"]
[BlackElo "2308"]
[PlyCount "71"]
[EventDate "2006.09.23"]

1. d4 d5 2. Nf3 Nf6 3. c4 c6 4. Nc3 a6 5. cxd5 cxd5 6. Bg5 Ne4 7. Be3 Nxc3 8.
bxc3 Nc6 9. g3 Bf5 10. Bg2 e6 11. O-O Be7 12. Ne5 Nxe5 13. dxe5 Rc8 14. Qb3 Qd7
15. a4 O-O 16. Ra2 Rc4 17. Bd4 Rfc8 18. a5 f6 19. Rb2 R8c7 20. f4 fxe5 21. fxe5
h6 22. e3 Bc5 23. Qd1 Rxc3 24. Bxc3 Bxe3+ 25. Kh1 Rxc3 26. Qe1 Qc7 27. Rxb7
Qxe5 28. Qa1 Be4 29. Qa4 d4 30. Qe8+ Kh7 31. Rxg7+ Kxg7 32. Rf7+ Kg6 33. Rf4+
Kg7 34. Qf8+ Kg6 35. Qf7+ Kg5 36. h4# 1-0

[Event "Druga liga CS - istok"]
[Site "Donja Studena"]
[Date "2006.09.23"]
[Round "3.1"]
[White "Manojlovic, Nebojsa"]
[Black "Djokic, Vladan"]
[Result "0-1"]
[WhiteElo "2172"]
[BlackElo "2304"]
[PlyCount "93"]
[EventDate "2006.09.23"]

1. e4 c5 2. Nf3 e6 3. d4 cxd4 4. Nxd4 a6 5. Nc3 Qc7 6. Be2 Nf6 7. O-O d6 8. a4
b6 9. f4 Bb7 10. Bf3 Nbd7 11. Kh1 Rc8 12. Qe1 h5 13. e5 dxe5 14. fxe5 Ng4 15.
Bf4 Bxf3 16. Nxf3 Qb7 17. Rd1 Bb4 18. Ng5 Bxc3 19. bxc3 Nc5 20. Be3 O-O 21. Rd4
f6 22. exf6 Rxf6 23. Rxf6 gxf6 24. Nf3 e5 25. Rd6 Qc7 26. Bxc5 Qxc5 27. Rd2 Qe3
28. Re2 Qxc3 29. Qg3 Rd8 30. Re1 Qxc2 31. Rf1 Rd1 32. Rxd1 Qxd1+ 33. Ng1 Kf7
34. h3 Nh6 35. Qh4 Kg6 36. Qe4+ Kg7 37. Qb7+ Nf7 38. Qxa6 Qb1 39. Kh2 e4 40.
Ne2 Qd3 41. Qxd3 exd3 42. Nc3 Nd6 43. Kg1 Nc4 44. Kf2 f5 45. Ke1 Kf6 46. Nd5+
Ke5 47. Nb4 0-1

[Event "Druga liga CS - istok"]
[Site "Donja Studena"]
[Date "2006.09.23"]
[Round "3.1"]
[White "Keca, Dragomir"]
[Black "Puzic, Slobodan"]
[Result "1/2-1/2"]
[WhiteElo "2221"]
[BlackElo "2173"]
[PlyCount "31"]
[EventDate "2006.09.23"]

1. c4 g6 2. g3 Bg7 3. Bg2 Nf6 4. Nf3 O-O 5. O-O d6 6. Nc3 e5 7. d3 Nc6 8. Rb1
a5 9. a3 Nd4 10. Nd2 c6 11. b4 axb4 12. axb4 Be6 13. b5 d5 14. bxc6 bxc6 15.
cxd5 cxd5 16. Nb5 1/2-1/2

[Event "Druga liga CS - istok"]
[Site "Donja Studena"]
[Date "2006.09.23"]
[Round "3.1"]
[White "Krstic, Ranko"]
[Black "Zivkovic, Branimir"]
[Result "1/2-1/2"]
[WhiteElo "2183"]
[BlackElo "2190"]
[PlyCount "120"]
[EventDate "2006.09.23"]

1. d4 Nf6 2. c4 g6 3. f3 Bg7 4. e4 d6 5. Nc3 O-O 6. Be3 c6 7. Bd3 e5 8. d5 Nh5
9. Qd2 f5 10. O-O-O cxd5 11. cxd5 Rf7 12. Kb1 f4 13. Bf2 a6 14. Nge2 b5 15. Nc1
b4 16. Na4 Rb7 17. Bc2 Bd7 18. Nd3 Qa5 19. b3 Bxa4 20. bxa4 Nd7 21. Bb3 Rc8 22.
Rc1 Rc3 23. Rc2 Bf8 24. Rhc1 Nhf6 25. Ka1 Rbc7 26. Nb2 Nb6 27. Qd1 Nfd7 28. Be1
Rxc2 29. Rxc2 Rxc2 30. Qxc2 Qc5 31. Bf2 Qxc2 32. Bxc2 a5 33. Bb3 Be7 34. Kb1
Bd8 35. Kc2 Kf7 36. Kd3 h6 37. Nc4 Nc8 38. a3 bxa3 39. Nxa3 Ncb6 40. Nc4 Nc8
41. Be1 Nc5+ 42. Kc2 Nb7 43. Bc3 Ke7 44. Nb2 Bb6 45. Bc4 Na7 46. Bb5 Kd8 47.
Nc4 Kc7 48. Be8 g5 49. h3 Nc8 50. Bc6 Nc5 51. Nxa5 Ne7 52. Bb5 Ng6 53. Nc4 Nh4
54. Nxb6 Kxb6 55. Bf1 Nxa4 56. Be1 Ng6 57. Bf2+ Ka5 58. Kb3 Nb6 59. Kb2 Nd7 60.
Kb3 Ne7 1/2-1/2

[Event "Druga liga CS - istok"]
[Site "Donja Studena"]
[Date "2006.09.23"]
[Round "3.1"]
[White "Ilic, Slobodan"]
[Black "Stankovic, Goran"]
[Result "0-1"]
[WhiteElo "2225"]
[BlackElo "2074"]
[PlyCount "50"]
[EventDate "2006.09.23"]

1. e4 c5 2. Nf3 Nc6 3. d4 cxd4 4. Nxd4 g6 5. Nc3 Bg7 6. Be3 Nf6 7. Bc4 O-O 8.
f3 Qb6 9. Ncb5 a6 10. Nf5 Qa5+ 11. Bd2 Qd8 12. Nbd4 gxf5 13. Nxf5 d5 14. Nxg7
dxc4 15. Nf5 Bxf5 16. exf5 Qd4 17. Qc1 Qe5+ 18. Kf1 Qxf5 19. Bc3 Nd5 20. Be1
Nd4 21. Qh6 Nxc2 22. Rc1 Nde3+ 23. Kg1 Qg6 24. Qh3 Nxe1 25. Rxe1 Rfd8 0-1

[Event "Druga liga CS - istok"]
[Site "Donja Studena"]
[Date "2006.09.23"]
[Round "3.1"]
[White "Lepojevic, Nebojsa"]
[Black "Stankovic, Dejan"]
[Result "1/2-1/2"]
[WhiteElo "2071"]
[BlackElo "2208"]
[PlyCount "112"]
[EventDate "2006.09.23"]

1. Nf3 d5 2. c4 c6 3. d4 Nf6 4. Nc3 e6 5. Bg5 dxc4 6. e4 b5 7. Be2 h6 8. Bh4 g5
9. Bg3 Bb4 10. O-O Bxc3 11. bxc3 Nxe4 12. Be5 Nxc3 13. Qc2 Nxe2+ 14. Qxe2 f6
15. Qc2 fxe5 16. Qg6+ Kf8 17. Nxe5 Qe8 18. Qf6+ Kg8 19. Ng4 Nd7 20. Nxh6+ Kh7
21. Qxg5 Qg6 22. Qe7+ Kxh6 23. Rae1 Nf6 24. Re3 Re8 25. Rh3+ Nh5 26. Qc7 e5 27.
Rh4 Qf6 28. g3 exd4 29. h3 d3 30. Rxh5+ Kxh5 31. Qh7+ Qh6 32. g4+ Bxg4 33.
hxg4+ Kxg4 34. Qxh6 Rad8 35. Kg2 d2 36. Rh1 Rg8 37. f3+ Kf5+ 38. Kf2 d1=N+ 39.
Kf1 Ne3+ 40. Qxe3 Rd1+ 41. Kf2 Rxh1 42. Qe4+ Kf6 43. Qxc6+ Kf7 44. Qd5+ Kg7 45.
Qxb5 Rf8 46. Qxc4 Rh6 47. Qd4+ Rhf6 48. f4 a6 49. a4 Kg6 50. Qe4+ Kg7 51. Qg2+
Kh7 52. Qh3+ Kg6 53. Qg4+ Kf7 54. Kf3 Ke7 55. Qg5 Kd6 56. Qe5+ Kc6 1/2-1/2

[Event "Druga liga CS - istok"]
[Site "Pirot"]
[Date "2006.09.23"]
[Round "3.2"]
[White "Todorovic, Bojan"]
[Black "Jovanovic, Miroslav"]
[Result "1/2-1/2"]
[WhiteElo "2294"]
[BlackElo "2104"]
[Annotator "Dragan Jovicic"]
[PlyCount "58"]
[EventDate "2006.09.23"]

1. d4 d6 2. e4 Nf6 3. Bd3 e5 4. c3 c6 5. Nf3 Bg4 6. Nbd2 Nbd7 7. h3 Bxf3 8.
Nxf3 Be7 9. O-O h6 10. Nh4 g6 11. Qe2 Nh5 12. Nf5 Bf8 13. dxe5 dxe5 14. Bc4 Nb6
15. Bb3 Qc7 16. a4 Nc8 17. Be3 Nd6 18. Rad1 Nxe4 19. Nxh6 Bxh6 20. Bxh6 Rxh6
21. Qxe4 Kf8 22. Qb4+ Kg7 23. Qd6 Qxd6 24. Rxd6 Nf6 25. Re1 e4 26. Red1 Rh5 27.
Kf1 Re5 28. Rd8 Rxd8 29. Rxd8 e3 1/2-1/2

[Event "Druga liga CS - istok"]
[Site "Pirot"]
[Date "2006.09.23"]
[Round "3.2"]
[White "Djukic, Nebojsa"]
[Black "Markovic, Dejan"]
[Result "0-1"]
[WhiteElo "2182"]
[BlackElo "2227"]
[Annotator "Dragan Jovicic"]
[PlyCount "64"]
[EventDate "2006.09.23"]

1. e4 c6 2. d4 d5 3. e5 Bf5 4. c3 e6 5. Be3 Nd7 6. f4 c5 7. Nf3 Nh6 8. Be2 Bg4
9. Nbd2 Nf5 10. Nf1 Bxf3 11. Bxf3 cxd4 12. cxd4 Bb4+ 13. Kf2 h5 14. Ng3 Nxe3
15. Kxe3 h4 16. Ne2 Qb6 17. Qd3 g5 18. g3 O-O-O 19. a3 Be7 20. b4 f6 21. Kd2
gxf4 22. gxf4 fxe5 23. dxe5 Kb8 24. Qd4 Qa6 25. Qd3 Nxe5 26. fxe5 Bg5+ 27. Kc2
Rc8+ 28. Nc3 d4 29. Qxd4 Rhd8 30. Qe4 Qa4+ 31. Kb2 Rd2+ 32. Kc1 Rxc3+ 0-1

[Event "Druga liga CS - istok"]
[Site "Pirot"]
[Date "2006.09.23"]
[Round "3.2"]
[White "Jonic, Vladimir"]
[Black "Zivkovic, Nemanja"]
[Result "1-0"]
[WhiteElo "2168"]
[BlackElo "2127"]
[Annotator "Dragan Jovicic"]
[PlyCount "75"]
[EventDate "2006.09.23"]

1. e4 c5 2. Nf3 e6 3. d4 cxd4 4. Nxd4 a6 5. c4 Qc7 6. Nc3 Nf6 7. Bd3 b6 8. Qe2
d6 9. O-O Be7 10. Be3 Nbd7 11. Rac1 Bb7 12. Rfd1 O-O 13. f3 Rfe8 14. Qf2 Rac8
15. b3 Qb8 16. Nc2 Bd8 17. Bf1 Bc7 18. Qh4 d5 19. cxd5 exd5 20. Nxd5 Nxd5 21.
exd5 Nf6 22. Bg5 Nxd5 23. Bd3 g6 24. Bc4 Bf4 25. Bxd5 Bxg5 26. Qxg5 Re5 27.
Bxf7+ Kg7 28. Qd2 Kxf7 29. Ne3 Rce8 30. Nc4 Re2 31. Qh6 Kg8 32. Rd7 R8e7 33.
Rxe7 Rxe7 34. Qg5 Qd8 35. h4 Qd4+ 36. Kh1 Re6 37. Qg3 Qd5 38. Nxb6 1-0

[Event "Druga liga CS - istok"]
[Site "Blace"]
[Date "2006.09.23"]
[Round "3.3"]
[White "Milutinovic, Zoran"]
[Black "Biljanic, Ljubomir"]
[Result "0-1"]
[WhiteElo "2174"]
[BlackElo "2279"]
[PlyCount "69"]
[EventDate "2006.09.23"]

1. d4 Nf6 2. c4 e6 3. Nf3 b6 4. g3 Ba6 5. Qa4 Bb7 6. Bg2 Be7 7. O-O O-O 8. Nc3
Ne4 9. Nxe4 Bxe4 10. Ne1 Bxg2 11. Nxg2 Nc6 12. Rd1 Bf6 13. e3 Qc8 14. Nf4 Qb7
15. Qc2 Rac8 16. Qe4 Bg5 17. Nd3 Rfd8 18. b3 d5 19. cxd5 exd5 20. Qg4 Bf6 21.
Bb2 Ne7 22. Rac1 g6 23. Qf4 Kg7 24. a4 Nf5 25. Ne5 Re8 26. Qf3 Nd6 27. Ng4 Re6
28. Rc2 Rce8 29. Rdc1 Bd8 30. Rc6 Nf5 31. Rxe6 Rxe6 32. Rc2 Be7 33. Ne5 Rf6 34.
Qg4 Re6 35. Qf4 0-1

[Event "Druga liga CS - istok"]
[Site "Blace"]
[Date "2006.09.23"]
[Round "3.3"]
[White "Kulak, Dejan"]
[Black "Jovanovic, Dragan"]
[Result "1/2-1/2"]
[WhiteElo "2275"]
[BlackElo "2133"]
[PlyCount "77"]
[EventDate "2006.09.23"]

1. e4 e5 2. Nf3 Nc6 3. Bc4 Bc5 4. O-O Nf6 5. d3 O-O 6. Re1 h6 7. c3 d6 8. Nbd2
a6 9. Bb3 Bg4 10. h3 Bh5 11. Nf1 Nh7 12. Ng3 Bg6 13. h4 Nf6 14. Nh2 Nd7 15. Qg4
Kh8 16. h5 Bh7 17. Nf3 Nf6 18. Qh4 Nd7 19. Qh3 Nf6 20. Nh4 Ne7 21. Be3 Bxe3 22.
Rxe3 Qd7 23. Qxd7 Nxd7 24. d4 Rad8 25. Rd1 g5 26. hxg6 fxg6 27. Nf3 Bg8 28.
dxe5 Nxe5 29. Nxe5 dxe5 30. Red3 Nc6 31. Rd7 Bxb3 32. axb3 Kg8 33. b4 Rxd7 34.
Rxd7 Rf7 35. Rd5 Kg7 36. Nf1 Kf6 37. Ne3 Ke6 38. g3 h5 39. Kf1 1/2-1/2

[Event "Druga liga CS - istok"]
[Site "Kostolac"]
[Date "2006.09.23"]
[Round "3.4"]
[White "Raicevic, Ivica"]
[Black "Dezelin, Milan"]
[Result "1/2-1/2"]
[WhiteElo "2307"]
[BlackElo "2333"]
[PlyCount "40"]
[EventDate "2006.09.23"]

1. c4 g6 2. Nc3 Bg7 3. g3 c5 4. a3 Nc6 5. Rb1 d6 6. Bg2 h5 7. Nf3 Nh6 8. d3 Nf5
9. h3 Bd7 10. O-O a6 11. Bd2 Rb8 12. b4 cxb4 13. axb4 b5 14. cxb5 axb5 15. e3
O-O 16. Nd5 e6 17. Nf4 Ne5 18. Qb3 Qe7 19. Bc3 Rfc8 20. Rfc1 Bc6 1/2-1/2

[Event "Druga liga CS - istok"]
[Site "Kostolac"]
[Date "2006.09.23"]
[Round "3.4"]
[White "Turudic, Nenad"]
[Black "Garic, Radomir"]
[Result "1/2-1/2"]
[WhiteElo "2233"]
[BlackElo "2210"]
[PlyCount "36"]
[EventDate "2006.09.23"]

1. e4 c5 2. Nf3 Nc6 3. d4 cxd4 4. Nxd4 Qc7 5. Nc3 e6 6. g3 a6 7. Bg2 Nf6 8. O-O
Bc5 9. Nxc6 dxc6 10. Na4 Ba7 11. c4 Nd7 12. e5 Qxe5 13. Bf4 Qd4 14. Qe2 O-O 15.
Rad1 Qf6 16. Bd6 Re8 17. Kh1 Bd4 18. c5 a5 1/2-1/2

[Event "Druga liga CS - istok"]
[Site "Kostolac"]
[Date "2006.09.23"]
[Round "3.4"]
[White "Vasic, Milena"]
[Black "Zivanovic, Nenad"]
[Result "1/2-1/2"]
[WhiteElo "2190"]
[BlackElo "2200"]
[PlyCount "92"]
[EventDate "2006.09.23"]

1. d4 Nf6 2. c4 e6 3. Nf3 d5 4. Nc3 Be7 5. Bg5 Nbd7 6. cxd5 exd5 7. e3 O-O 8.
Bd3 b6 9. O-O Bb7 10. Rc1 Re8 11. h3 a6 12. Bb1 Ne4 13. Bf4 Rc8 14. a3 Nf8 15.
Ne5 Bd6 16. Ba2 Nxc3 17. Rxc3 Ne6 18. Bb1 Nxf4 19. exf4 Qf6 20. Rg3 Bxe5 21.
fxe5 Qh4 22. Rg4 Qh6 23. Qf3 c5 24. Bf5 Rcd8 25. Qg3 g6 26. e6 Re7 27. exf7+
Kxf7 28. Bc2 Bc8 29. Rh4 Qg7 30. Qb3 Re6 31. dxc5 bxc5 32. Qb8 Kg8 33. Bd1 Qe7
34. g3 Re1 35. Qb3 Bf5 36. Bf3 c4 37. Qc3 Rxf1+ 38. Kxf1 Qe6 39. Kg2 Rd7 40.
Qd4 Qd6 41. Rf4 Be6 42. h4 Qe7 43. h5 Qg7 44. Qb6 Bf7 45. Qxa6 Re7 46. Qd6 Qe5
1/2-1/2

[Event "Druga liga CS - istok"]
[Site "Kostolac"]
[Date "2006.09.23"]
[Round "3.4"]
[White "Djukic, Slobodan"]
[Black "Nikolic, Zeljko"]
[Result "0-1"]
[WhiteElo "2249"]
[BlackElo "2245"]
[PlyCount "80"]
[EventDate "2006.09.23"]

1. e4 e6 2. d4 d5 3. e5 c5 4. Nf3 Nc6 5. Bd3 cxd4 6. O-O Bc5 7. a3 a5 8. Re1 h6
9. Nbd2 Nge7 10. Nb3 Ba7 11. Bb5 Bd7 12. Nbxd4 Nxd4 13. Bxd7+ Qxd7 14. Nxd4 Nc6
15. Nb5 Bb8 16. Nd6+ Bxd6 17. exd6 Qxd6 18. Qg4 g6 19. Bf4 Qc5 20. c4 d4 21.
Rad1 Kf8 22. h4 Rd8 23. Qf3 Kg7 24. g4 g5 25. hxg5 hxg5 26. b4 axb4 27. axb4
Qe7 28. Be5+ f6 29. Bg3 Nxb4 30. c5 e5 31. Rb1 Nc6 32. Qb3 Rd7 33. Kg2 Qf7 34.
Qd3 Qd5+ 35. f3 Ne7 36. Rh1 Rxh1 37. Rxh1 Ng6 38. Rc1 Rc7 39. Qb5 Qa2+ 40. Bf2
Nf4+ 0-1

[Event "Druga liga CS - istok"]
[Site "Bor"]
[Date "2006.09.23"]
[Round "3.5"]
[White "Pavlovic, Dejan"]
[Black "Radosavljevic, Slobodan"]
[Result "1/2-1/2"]
[WhiteElo "2308"]
[BlackElo "2254"]
[PlyCount "76"]
[EventDate "2006.09.23"]

1. c4 Nf6 2. g3 g6 3. Bg2 Bg7 4. Nc3 O-O 5. e3 c5 6. Nge2 d6 7. O-O Nc6 8. a3
Bd7 9. h3 Rb8 10. Rb1 h5 11. b4 b6 12. b5 Na5 13. d3 e6 14. e4 Ne8 15. Bd2 Nc7
16. Qc1 Kh7 17. Nf4 Bc8 18. Nd1 Nb7 19. Kh2 Qd7 20. Rh1 Nd8 21. Kg1 e5 22. Ne2
f5 23. f4 fxe4 24. dxe4 Nde6 25. h4 Nd4 26. Nxd4 cxd4 27. Nf2 Ne6 28. Nd3 Nc5
29. Qc2 Qg4 30. Nxc5 dxc5 31. Qd3 exf4 32. Bxf4 Rxf4 33. gxf4 Bh6 34. Rh3 Bxf4
35. Rf1 Be6 36. Qf3 Be3+ 37. Kh1 Qxf3 38. Rfxf3 Kg7 1/2-1/2

[Event "Druga liga CS - istok"]
[Site "Bor"]
[Date "2006.09.23"]
[Round "3.5"]
[White "Markovic, Milan"]
[Black "Stevanovic, Sladjan"]
[Result "1-0"]
[WhiteElo "2323"]
[BlackElo "2253"]
[PlyCount "97"]
[EventDate "2006.09.23"]

1. e4 g6 2. d4 Bg7 3. Nc3 c6 4. Nf3 d5 5. Be2 Nf6 6. e5 Ne4 7. Be3 c5 8. dxc5
Nxc3 9. bxc3 Nc6 10. Bd4 O-O 11. O-O Qc7 12. Re1 Nxe5 13. Nxe5 Bxe5 14. Bxe5
Qxe5 15. Qd4 Qc7 16. Bf3 Be6 17. Rab1 b6 18. cxb6 axb6 19. Rxb6 Rxa2 20. Rbxe6
fxe6 21. Bxd5 exd5 22. Qxd5+ Rf7 23. Qxa2 Qf4 24. f3 Qc7 25. Qd5 Kf8 26. c4 Rf6
27. Qe5 Qxe5 28. Rxe5 Rd6 29. Rd5 Ra6 30. Kf2 Ra2 31. Rd2 Ra4 32. Ke3 Rxc4 33.
Kd3 Rc7 34. c4 Kf7 35. Kc3 e5 36. Kb4 Ke6 37. c5 Rb7+ 38. Kc4 Rb1 39. c6 h5 40.
Kc5 Rc1+ 41. Kb6 Rb1+ 42. Ka7 Ra1+ 43. Kb8 Rb1+ 44. Kc8 g5 45. c7 Ke7 46. Rd7+
Ke8 47. Rh7 g4 48. Rxh5 gxf3 49. Rxe5+ 1-0

[Event "Druga liga CS - istok"]
[Site "Bor"]
[Date "2006.09.23"]
[Round "3.5"]
[White "Panic, Milan"]
[Black "Popovic, Djordje"]
[Result "1-0"]
[WhiteElo "2167"]
[BlackElo "2312"]
[PlyCount "71"]
[EventDate "2006.09.23"]

1. Nf3 c5 2. c4 Nf6 3. Nc3 b6 4. g3 Bb7 5. Bg2 e6 6. O-O d6 7. d4 cxd4 8. Qxd4
a6 9. Rd1 Nbd7 10. Ng5 Bxg2 11. Kxg2 Qc7 12. Nge4 Rc8 13. b3 b5 14. Nxd6+ Bxd6
15. Qxd6 Qb7+ 16. f3 Rc6 17. Qb4 Qc7 18. Ba3 Nb6 19. Rac1 bxc4 20. e4 h5 21.
Ne2 e5 22. Nc3 h4 23. Nd5 Nbxd5 24. exd5 Rb6 25. Rxc4 Rxb4 26. Rxc7 Kd8 27. Ra7
Rb8 28. Rc1 hxg3 29. hxg3 e4 30. Be7+ Ke8 31. fxe4 Nxe4 32. Re1 f5 33. d6 Rh6
34. Rd1 Nxd6 35. Bxd6 Rd8 36. Re1+ 1-0

[Event "Druga liga CS - istok"]
[Site "Bor"]
[Date "2006.09.23"]
[Round "3.5"]
[White "Komnenic, Branko"]
[Black "Stojanovic, Ivan"]
[Result "1-0"]
[WhiteElo "2238"]
[BlackElo "2234"]
[PlyCount "93"]
[EventDate "2006.09.23"]

1. d4 Nf6 2. c4 g6 3. Nc3 Bg7 4. e4 d6 5. Nf3 O-O 6. Be2 e5 7. O-O Nc6 8. Be3
Bg4 9. d5 Bxf3 10. Bxf3 Ne7 11. c5 Ne8 12. cxd6 Nxd6 13. Be2 f5 14. f3 Kh8 15.
Qc2 Rf7 16. Rac1 Nec8 17. Nb5 Nxb5 18. Bxb5 Nd6 19. Bd3 Qh4 20. Qf2 Qh5 21.
exf5 gxf5 22. f4 e4 23. Be2 Qg6 24. Rc2 Bf6 25. Rfc1 Qg7 26. Bf1 a6 27. a4 Rd8
28. b4 Rfd7 29. b5 axb5 30. axb5 b6 31. Rc6 Ra8 32. Kh1 h6 33. Qc2 Ra7 34. Rd1
Ra3 35. Bg1 Ra5 36. Qb3 Qg4 37. Be3 Ra3 38. Qxa3 Qxd1 39. Qc1 Qb3 40. Bg1 Qxd5
41. Rxc7 Nxb5 42. Rc8+ Kh7 43. Bc4 Qd1 44. Bxb5 Rd2 45. Rc7+ Kh8 46. Qc6 Bg7
47. Qg6 1-0

[Event "Druga liga CS - istok"]
[Site "Jagodina"]
[Date "2006.09.23"]
[Round "3.6"]
[White "Raicevic, Vladimir"]
[Black "Mitrovic, Darko"]
[Result "0-1"]
[WhiteElo "2446"]
[BlackElo "2329"]
[PlyCount "100"]
[EventDate "2006.09.23"]

1. d4 Nf6 2. c4 e6 3. Nf3 b6 4. g3 Bb4+ 5. Bd2 Bxd2+ 6. Qxd2 Bb7 7. Bg2 O-O 8.
O-O d6 9. Nc3 Ne4 10. Qc2 Nxc3 11. Qxc3 Nd7 12. Rfd1 Qe7 13. b4 c5 14. dxc5
bxc5 15. Qd2 cxb4 16. Qxd6 Qxd6 17. Rxd6 Nc5 18. Rad1 Bxf3 19. Bxf3 Rab8 20.
Bc6 Rfc8 21. f3 Kf8 22. Kf2 Ke7 23. Bb5 Rd8 24. Rxd8 Rxd8 25. Rxd8 Kxd8 26. Ke3
e5 27. Bc6 Ke7 28. Bd5 f6 29. Bg8 h6 30. Bh7 a5 31. Bc2 Kd6 32. h4 a4 33. Kd2
a3 34. Kc1 Nb7 35. Bg6 Kc5 36. Kc2 Kxc4 37. Bf7+ Kc5 38. h5 Nd6 39. Bg6 Nb5 40.
Bd3 Nd4+ 41. Kb1 b3 42. axb3 Nxb3 43. Ba6 Nd4 44. Ka2 Kb4 45. g4 Ne6 46. Bd3
Nf4 47. Ba6 Nd5 48. Bd3 Nc3+ 49. Ka1 Kb3 50. Ba6 Nd5 0-1

[Event "Druga liga CS - istok"]
[Site "Jagodina"]
[Date "2006.09.23"]
[Round "3.6"]
[White "Zivic, Dragan"]
[Black "Milenkovic, Mladen"]
[Result "1-0"]
[WhiteElo "2294"]
[BlackElo "2349"]
[PlyCount "62"]
[EventDate "2006.09.23"]

1. e4 c5 2. g3 g6 3. Bg2 Bg7 4. d3 e6 5. f4 Nc6 6. Nf3 d5 7. e5 f6 8. exf6 Nxf6
9. O-O O-O 10. Re1 Qb6 11. c3 Bd7 12. Nbd2 Ng4 13. h3 c4+ 14. d4 Nxd4 15. cxd4
Bxd4+ 16. Kf1 Bxb2 17. hxg4 Bxa1 18. Bh3 Bg7 19. Kg2 Rac8 20. Ne5 Bxe5 21. Rxe5
d4 22. Ne4 c3 23. g5 Kg7 24. Kh2 Rfd8 25. Qd3 a6 26. a4 Bxa4 27. Rxe6 Qb4 28.
Nf6 Rc7 29. Nxh7 Be8 30. Nf6 Bf7 31. Re5 Qc4 1-0

[Event "Druga liga CS - istok"]
[Site "Jagodina"]
[Date "2006.09.23"]
[Round "3.6"]
[White "Milosevic, Aleksandar"]
[Black "Savic, Goran"]
[Result "1-0"]
[WhiteElo "2255"]
[BlackElo "2116"]
[PlyCount "83"]
[EventDate "2006.09.23"]

1. Nf3 Nf6 2. c4 g6 3. Nc3 Bg7 4. e4 d6 5. d4 O-O 6. Be2 Nbd7 7. O-O e5 8. Be3
c6 9. d5 c5 10. Ne1 Ne8 11. g4 Qe7 12. Kh1 f5 13. gxf5 gxf5 14. exf5 Ndf6 15.
Qc2 e4 16. Rg1 Bxf5 17. Rg5 Nd7 18. Ng2 h6 19. Rh5 Ne5 20. Nh4 Bh7 21. Rg1 Nd3
22. Rxh6 Rxf2 23. Nd1 Rf6 24. Bg5 Qe5 25. Rxh7 Kxh7 26. Bxd3 exd3 27. Qxd3+ Kg8
28. Bxf6 Nxf6 29. Nf5 Ne8 30. Nde3 Rc8 31. Nxg7 Nxg7 32. Nf5 Rc7 33. Nxg7 Rxg7
34. Rxg7+ Kxg7 35. Qg3+ Kf6 36. Qxe5+ Kxe5 37. Kg2 Kd4 38. Kf3 b5 39. cxb5 Kxd5
40. Ke3 Ke5 41. a4 d5 42. a5 1-0

[Event "Druga liga CS - istok"]
[Site "Jagodina"]
[Date "2006.09.23"]
[Round "3.6"]
[White "Djuric, Ranko"]
[Black "Miletic, Darko"]
[Result "0-1"]
[WhiteElo "2170"]
[BlackElo "2084"]
[PlyCount "72"]
[EventDate "2006.09.23"]

1. e4 c5 2. Nf3 Nc6 3. d4 cxd4 4. Nxd4 g6 5. Be3 Bg7 6. Nc3 Nf6 7. Bc4 O-O 8.
f3 Qb6 9. O-O Qxb2 10. Ncb5 Qb4 11. Qe2 Qa5 12. Nb3 Qd8 13. Rad1 a6 14. Nc3 d6
15. Nd5 b5 16. Nxf6+ Bxf6 17. Bd5 Bb7 18. f4 Qc7 19. f5 Ne5 20. fxg6 hxg6 21.
h3 Rac8 22. Rd2 Bxd5 23. exd5 Nc4 24. Rd3 Nxe3 25. Qxe3 Qxc2 26. Rf2 Qb1+ 27.
Kh2 Be5+ 28. g3 Rc2 29. Rxc2 Qxc2+ 30. Rd2 Qc7 31. Kg2 Rc8 32. Qf2 a5 33. Nd4
Bxd4 34. Qxd4 Qc4 35. Qe3 Qc1 36. Qe2 b4 0-1

[Event "Druga liga CS - istok"]
[Site "Jagodina"]
[Date "2006.09.23"]
[Round "3.6"]
[White "Stefanovic, Vladimir"]
[Black "Filipovic, Slobodan"]
[Result "0-1"]
[WhiteElo "2227"]
[BlackElo "2231"]
[PlyCount "62"]
[EventDate "2006.09.23"]

1. Nf3 Nf6 2. c4 g6 3. g3 Bg7 4. Bg2 O-O 5. O-O d5 6. d4 dxc4 7. Nc3 c5 8. d5
b5 9. Nxb5 Nxd5 10. Ne5 Bb7 11. Nxc4 a6 12. Nba3 e6 13. Qb3 Qc7 14. Bd2 Nc6 15.
e3 Rab8 16. Rfc1 Rfd8 17. Qa4 Ncb4 18. e4 Nf6 19. Bf4 Qe7 20. Bxb8 Rxb8 21. Re1
Ng4 22. h3 Nxf2 23. Kxf2 Bd4+ 24. Ke2 f5 25. Nc2 fxe4 26. Nxb4 cxb4 27. Red1
Qc5 28. Rac1 Rf8 29. Ne3 Qh5+ 30. g4 Qe5 31. Rxd4 Qxd4 0-1

[Event "Druga liga CS - istok"]
[Site "Jagodina"]
[Date "2006.09.23"]
[Round "3.6"]
[White "Vasic, Zarko"]
[Black "Nesic, Nebojsa"]
[Result "1-0"]
[WhiteElo "2081"]
[BlackElo "2180"]
[PlyCount "59"]
[EventDate "2006.09.23"]

1. e4 e6 2. d4 d5 3. Nc3 Nf6 4. Bg5 Be7 5. e5 Nfd7 6. Be3 a6 7. Qg4 g6 8. h4 h5
9. Qg3 c5 10. dxc5 Nxc5 11. O-O-O Qa5 12. f4 Nc6 13. Qf2 Bd7 14. Nf3 Ne4 15.
Nxe4 dxe4 16. Nd2 Qxa2 17. Bc5 O-O-O 18. Bxe7 Nxe7 19. Qc5+ Bc6 20. Bxa6 Qxa6
21. Qxe7 e3 22. Nb3 Bxg2 23. Rd6 Qa4 24. Rhd1 Bd5 25. Rd4 Qb5 26. Rd3 e2 27.
Kd2 Rhe8 28. Rc3+ Bc6 29. Qxf7 Kb8 30. Nd4 1-0